1770 1730 1549 1006 1076 1696 1147 1432 1316 1310 1539 1830 1670 1670 1384 1626 1011 1625 1944 1010 1448 1307 1426 1287 1608 1544 1229 1283 1939 1303 1785 1477 1284 1357 1733 1248 1073 1777 1295 1241 1661 1048 1158 1791 1284 1420 1022 1866 1999 1535 1590 1913 1338 1162 1753 1535 1188 1304 1915 1444 1188 1268 1762 1517 1357 1491 1835 1611 1092 1806 1177 1258 1924 1713 1658 1037 1020 1056 1441 1542 1626 1747 1437 1633 1131 1375 1779 1675 1196 1541 1544 1701 1885 1346 1331 1124 1922 1417 1228 BCNSPRNW ULIB Ver.6.0+V

เปลี่ยนเป็นภาษาไทย

Change to English
 แสดงรายละเอียดบรรณานุกรม
  กลับหน้าหลัก

Brief Record : Get Marc (ISO 2709) : E-mail record : QR code < ปิดหน้าต่าง
LEADER : 00000nam 2200000uu 4500
001    13399125127
003     ULIB
008    161003s2559||||th 000 0 tha d
020    ^a9786167930022
050  4 ^aBQ4570^bช177ท
100 0  ^aชยสาโร ภิกขุ
245 10 ^aทำไม /^cชยสาโร ภิกขุ
250    ^aพิมพ์ครั้งที่ 3
260    ^aกรุงเทพฯ :^bมูลนิธิปัญญาประทีป หรือ โรงเรียนทอสี,^c2559
300    ^a135 หน้า :^bภาพประกอบ ;^c21 ซม.
945    ^p0^l0^i001363
999    ^aวรรณษา ชูชัยมงคล
รายการนี้ยังไม่มีแท็ก
คุณยังไม่ได้ล็อกอิน คุณสามารถมีกิจกรรมร่วมกับเว็บไซต์ได้ แต่ต้องล็อกอินก่อน ::
  ล็อกอิน

รายการสื่อสารสนเทศ

ลำดับที่ ประเภท เลขเรียก/บาร์โค้ด สถานที่ สถานะ
1. วิทยาศาสตร์การแพทย์ และสุขภาพ
วิทยาศาสตร์การแพทย์ และสุขภาพ
BQ4570 ช177ท ฉ.1 
  Barcode: 001363
ห้องสมุดวิทยาเขตสวรรค์ประชารักษ์
►หนังสือทั่วไป
บนชั้น

รายการใกล้เคียง
    ผู้แต่ง [ชยสาโร ภิกขุ]

BibComment


ยังไม่เคยถูกคอมเมนท์

คอมเมนท์ทรัพยากรรายการนี้
  คอมเมนท์: ทำไม ชยสาโร ภิกขุ


 Copyright 2026. Bcnsprnw @Library